Electric machines (Record no. 7922)

000 -LEADER
fixed length control field 00630 a2200181 4500
020 ## - INTERNATIONAL STANDARD BOOK NUMBER
International Standard Book Number 0849385814
040 ## - CATALOGING SOURCE
Original cataloging agency DLC
Language of cataloging DLC
082 00 - DEWEY DECIMAL CLASSIFICATION NUMBER
Classification number 621.31042
100 1# - MAIN ENTRY--PERSONAL NAME
Personal name Gross, Charles A.
245 10 - TITLE STATEMENT
Title Electric machines
Statement of responsibility, etc. Charles A. Gross
260 ## - PUBLICATION, DISTRIBUTION, ETC.
Place of publication, distribution, etc. Boca Raton, FL :
Name of publisher, distributor, etc. CRC Press,
Date of publication, distribution, etc. c2007.
300 ## - PHYSICAL DESCRIPTION
Extent 450 p. :
Other physical details ill. ;
Dimensions 27 cm.
440 #0 - SERIES STATEMENT/ADDED ENTRY--TITLE
Title Electric power engineering series
650 #0 - SUBJECT ADDED ENTRY--TOPICAL TERM
Topical term or geographic name entry element Electric machinery.
856 41 - ELECTRONIC LOCATION AND ACCESS
Materials specified Table of contents only
Uniform Resource Identifier <a href="http://www.loc.gov/catdir/toc/ecip066/2006000146.html">http://www.loc.gov/catdir/toc/ecip066/2006000146.html</a>
856 41 - ELECTRONIC LOCATION AND ACCESS
Materials specified Publisher description
Uniform Resource Identifier <a href="http://www.loc.gov/catdir/enhancements/fy0654/2006000146-d.html">http://www.loc.gov/catdir/enhancements/fy0654/2006000146-d.html</a>
942 ## - ADDED ENTRY ELEMENTS (KOHA)
Koha item type Book
Call number prefix 621.31042
Source of classification or shelving scheme
Holdings
Withdrawn status Lost status Source of classification or shelving scheme Damaged status Not for loan Permanent Location Current Location Shelving location Date acquired Source of acquisition Cost, normal purchase price Total Checkouts Full call number Barcode Date last seen Date last checked out Price effective from Koha item type
          Central Library (CL) Central Library (CL) General Stacks 02/26/2007 A & J Def Tek Concultants 5092.01 5 621.31042 GRO SEECS008182 09/03/2021 09/04/2019 01/05/2017 Book
          Central Library (CL) Central Library (CL) General Stacks 09/15/2007 A & J Def Tek Concultants 5068.97 4 621.31042 GRO SEECS008592 12/20/2019 12/05/2019 01/05/2017 Book
© 2023 Central Library, National University of Sciences and Technology. All Rights Reserved.